| 000 | 01140nac a22002897a 4500 | ||
|---|---|---|---|
| 001 | BR8401184 | ||
| 003 | BR-BrBNA | ||
| 005 | 20240105115936.0 | ||
| 008 | 230509b bl.|||m| |||| 00| 0 por d | ||
| 040 |
_aBR-BrBNA _bpor _cBiblioteca Nacional de Agricultura |
||
| 072 | _aH10 | ||
| 090 | _a1850 BR8401184 | ||
| 100 | 1 | _aCosta, M.S. | |
| 100 | 1 | _aKato, M. do S.A. | |
| 110 | 1 |
_aUnidade de Execucao de Pesquisa de Ambito Estadual de Altamira, PA (Brasil) _910343 |
|
| 245 | 1 | _aOcorrencia da broca do caule (Coleoptera, curculionideo)em tomateiro no municipio de Altamira-Para [Lycopersicum esculentum, inseto, Brasil] | |
| 246 | 1 | _a[Occurence of stem borer (Coleoptera, Curculionideo)in tomato plant in Altamira-Para [Lycopersicum esculentum, insect, Brazil]] | |
| 260 | 3 |
_aAltamira, PA (Brasil): _c1983. |
|
| 300 | _a2 p. | ||
| 490 |
_aComunicado Tecnico - Unidade de Execucao de Pesquisa de Ambito Estadual de Altamira (Brazil) _vno. 7 _xISSN 0101-3572 |
||
| 650 | _aTOMATE | ||
| 650 | _aBROCA DO COLMO | ||
| 650 | _aBIOLOGIA | ||
| 650 | _aPARA | ||
| 909 |
_a202312 _bLúcia Elande _c55 _dLúcia Elande |
||
| 942 |
_2AGRIS _n0 _cMS |
||
| 999 |
_c277182 _d277182 |
||